000 00472nab a2200145Ia 4500
003 ES-SlBCS
005 20210601125413.0
008 140529s1977 xxu||||| |||| 00| 0 eng d
041 _aeng
100 1 _aVitali, Theodore R.
_9157900
245 0 4 _aThe Peirceian Influence on Hartshorne's Subjectivism
_c Theodore R. Vitali
600 1 4 _aPeirce, Charles Sanders
_d, 1839-1914
_9127274
773 0 _tProcess Studies
_gvol. 7, nº. 4, 1977, págs. 238-249
_wRev838
942 _cAR
999 _c529818
_d529818